KOHA-Header-6

Universities of Pakistan 2001 (Record no. 7524)

000 -LEADER
fixed length control field 00271nam a2200109Ia 4500
100 ## - MAIN ENTRY--AUTHOR NAME
Personal name UNI GRANTS commission
245 #0 - TITLE STATEMENT
Title Universities of Pakistan 2001
260 ## - PUBLICATION, DISTRIBUTION, ETC. (IMPRINT)
Place of publication Islamabad
Name of publisher Addision
Year of publication 2001
300 ## - PHYSICAL DESCRIPTION
Number of Pages 822
942 ## - ADDED ENTRY ELEMENTS (KOHA)
Koha item type Books
Holdings
Withdrawn status Lost status Collection code Permanent Location Current Location Shelving location Date acquired Full call number Accession Number Koha item type
    Dictionaries MAJU MAJU Shelf No.B28 2019-09-12 910.3 1415 DICTIONARY

Powered by Koha